| 000 | 02060nam a2200277 a 4500 | ||
|---|---|---|---|
| 003 | MX-MxUPN | ||
| 005 | 20230317150221.0 | ||
| 008 | 190704t2001 mx r 000 0 spa d | ||
| 020 | _a9683684866 | ||
| 035 | _aUPN01000231723 | ||
| 040 |
_aMX-MxUPN _bspa _cMX-MxUPN |
||
| 041 | 0 | _aspa | |
| 050 | 1 | 4 |
_aPQ7109 C45 _bC83 2001 |
| 245 | 0 | 0 |
_aCuarenta años del Centro de Estudios Literarios : _bmemoria |
| 250 | _aPrimera edición. | ||
| 260 |
_aMéxico, D.F. : _bUniversidad Nacional Autónoma de México, Instituto de Investigaciones Filológicas, _c©2001. |
||
| 300 | _a135 páginas | ||
| 490 | 0 |
_aEdiciones especiales ; _v18 |
|
| 505 | 0 | 0 |
_tManuel Gutiérrez Nájera, primer modernista de Hispanoamérica / _rAna Elena Díaz Alejo -- _tMi visión del Centro de Estudios Literarios / _rEmmanuel Carballo -- _tHistoria del Centro de Estudios Literarios / _rErnesto de la Torre Villar -- _tEl Centro de Estudios Literarios y su contribución al registro de la literatura colonial mexicana / _rJosé Quiñones Melgoza -- _tLas metamorfosis del estanque o la recuperación de cien años de literatura / _rMaría Rosa Palazón -- _tContribuciones del Centro de Estudios Literarios al registro de la literatura mexicana, siglo XX / _rEdith Negrín -- _tLa literatura latinoamericana en el Centro de Estudios Literarios / _rArmando Pereira -- _tLa literatura y la sociedad de fin de siglo / _rJoao Alexandre Barbosa -- _gLos fundadores : _tMaría del Carmen Millán / _rAurora M. Ocampo -- _tJosé María González de Mendoza. El Gnomo que yo amé / _rMaría Rosa Palazón -- _tErnesto Mejía Sánchez / _rEsperanza Lara Velázquez -- _tUna flor de nomeolvides en la tumba de Rojas Garciadueñas / _rMaría Rosa Palazón -- _tDon Julio Jiménez Rueda / _rAna Elena Díaz Alejo. |
| 610 | 2 | 4 |
_aUniversidad Nacional Autónoma de México. _bCentro de Estudios Literarios _xHistoria _948397 |
| 650 | 4 |
_aLiteratura mexicana _ySiglo XX _95344 |
|
| 700 | 1 |
_aRuedas de la Serna, Jorge A. _948395 _ecoordinación |
|
| 902 | _aVíctor Ruiz/170323 | ||
| 942 |
_2lcc _cLIBRO |
||
| 999 |
_c203818 _d203818 |
||